000 00899nam a22002897a 4500
001 01478
003 DO-SdBNP
005 20180201092821.0
007 01478
008 160803b 1987 sp ||||| |||| 00| 0 spa d
020 _a8477220778
040 _aBPMSU
_bspa
_cBPMSU
082 _a813.5
_bM968m
100 1 _aFoley, Louise Munro.
240 1 0 _aForest of fear.
_lEspañol
245 1 3 _aEl misterio del albergue del eco /
_c Louise Munro Foley ; ilustraciones Don Hedin ; traducción Margarita Cavándoli.
260 _aBarcelona :
_bEditorial Timun Mas,
_c1987.
300 _a118 p. ;
_c20 cm.
490 1 _aElege tu propia aventura
650 _a
651 _aCUENTOS INFANTILES ESTADOJNIDENSE
700 1 2 _aCavándoli, Margarita,
_etr.
830 0 _aElege tu propia aventura
942 _2ddc
_cBK
945 _aInventariado, 2018 /LP
956 _aVMATEO
_b10
_c20160803
_dBPMSU
_f00069
999 _c11087
_d11087